000 00543nam a22001577a 4500
005 20251108165234.0
008 250721s1967 xx 000 0 ara d
082 1 4 _a956.94/اسع
100 1 _aعبد الرحمن، أسعد
245 1 0 _aالمنظمة الصهيونية العالمية تنظيمها و أعمالها 1897- 1948 /
264 1 _aبيروت :
_bمنظمة التحرير الفلسطينية - مركز الأبحاث،
_c1967.
300 _a264ص
650 1 7 _aالصهيونية
942 _2ddc
_cBK
999 _c22952
_d22952